| 000 | 00404nam a2200157Ia 4500 | ||
|---|---|---|---|
| 008 | 130318s9999 xx 000 0 und d | ||
| 020 | _a9788131714720 | ||
| 082 | _a006.312 TAN/I | ||
| 100 | _aTan, Pang-NIng | ||
| 245 | _aIntroduction to data mining | ||
| 260 |
_bPearson Education _aNew Delhi _c2006 |
||
| 300 | _a769 | ||
| 650 | _aDATA MINING | ||
| 700 | _aKumar, Vipin | ||
| 700 | _aSteinbach, Michael | ||
| 999 |
_c1774 _d1774 |
||